| 000 | 01234cam a2200253 4500 | ||
|---|---|---|---|
| 001 | WB3809-20 | ||
| 008 | 020304n2002 000 0 eng u | ||
| 035 | _a(Sirsi) u116972 | ||
| 245 | _aCommonhold and Leasehold Reform Bill | ||
| 260 | _c2002 | ||
| 490 |
_aRICS Residential Faculty News _v 26 February 2002 (1) |
||
| 520 | _aThe Commonhold and Leasehold Reform Bill passed its Second Reading in the House of Commons on 8 January 2002. The Bill introduces a new form of tenure called commonhold that could become a popular alternative to the leasehold system for blocks of flats. It also simplifies the process of leasehold enfranchisement. If any member wishes to comment on the progress of the Bill please contact Stuart Poore in the RICS policy unit on +44 (0)20 7334 3838 or e [email protected] http://www.rics.org/ricscms/bin/show?class=Feature&template=/includes/showfeature.html&id=130 | ||
| 590 | _aWB | ||
| 650 | _aCOMMONHOLD AND LEASEHOLD REFORM BILL | ||
| 650 | _aLEASEHOLD ENFRANCHISEMENT | ||
| 650 | _aREFORM | ||
| 650 | _aSERVICE CHARGES | ||
| 650 | _aLEASEHOLDERS | ||
| 650 | _aCOMMONHOLD BILL | ||
| 650 | _aPROPERTY OWNERS | ||
| 650 | _aRICS | ||
| 690 | _aLANDLORD AND TENANT-LEASES | ||
| 942 | _n0 | ||
| 999 |
_c69675 _d69675 |
||